| Registos Bibliográficos associados ao registo de autoridade |
|
Etiqueta de registo: 00254nam 2200025 450 001 2289176 003 http://id.bnportugal.gov.pt/bib/catbnp/2289176 100 ## $a20260630d2025 k y0pory01030103ba 101 0# $apor$deng 102 ## $aPT 105 ## $aa m 000yy 106 ## $ar 200 1# $aProjetos editoriais de mídia online feminina e feminista$e um estudo sobre trabalho e valor a partir da crítica feminista da economia política
da comunicação$fRafaela Martins Souza$gorient. João Manuel Santos de Miranda, Cesar Ricardo Bolaño 210 #9 $aCoimbra$c[s.n.],$d2025 215 ## $a478 p.$cil.$d30 cm 328 #1 $aTese doutoramento Ciências da Comunicação, Universidade de Coimbra, Faculdade de Letras,
Departamento de Filosofia, Comunicação e Informação, 2025 700 #1 $aSouza,$bRafaela Martins$32002048 702 #1 $aMiranda,$bJoão Manuel Santos de$4727$31745045 702 #1 $aBolaño,$bCesar Ricardo$4727$32002054 801 #0 $aPT$bBN$gRPC 966 ## $lBN$mFGMON$x1 971 ## $cjbeatriz$d20260630
|
|
|